Szczegóły MARC21

En écoutant de Gaulle : journal 1946-1949 /

005 -DATA I CZAS OSTATNIEJ MODYFIKACJI [,]
    • @
    • pole kontrolne
    • 20120615084150.0
020 -Międzynarod. znormalizowany nr książki - ISBN [ , ]
    • a
    • Numer ISBN
    • 2246494516 Find
040 -Instytucja sporządzająca opis [ , ]
    • a
    • Instytucja, która sporządziła opis (NP)
    • SZCZ U/SA
    • c
    • Instytucja, która sporządziła rekord (NP)
    • SZCZ U/SA
    • d
    • Instytucja, która zmodyfikowała rekord (P)
    • SZCZ U/JŚ
041 -Język dokumentu [0, ]
    • a
    • Język tekstu (P)
    • francuski
044 -Kraj miejsca wydania [ , ]
    • a
    • Kraj miejsca wydania
    • Francja
942 -Rodzaj dokumentu [ , ]
    • c
    • Rodzaj dokumentu
    • Książka
100 -Hasło główne - nazwa osobowa [1, ]
    • 9
    • KHW
    • 428
    • a
    • Nazwa osobowa (NP)
    • Guy, Claude
    • d
    • Daty biograficzne (NP)
    • (1915-1992).
245 -Strefa tytułu i oznaczenia odpowiedzialności [1,3]
    • a
    • Tytuł
    • En écoutant de Gaulle : Find
    • b
    • Ciąg dalszy tytułu (NP)
    • journal 1946-1949 / Find
    • c
    • Pozostałe elementy strefy tytułu i oznaczenia odpowiedzialności (NP)
    • Claude Guy ; préf. de Jean Mauriac ; prés. historique de Paul-Marie de La Gorce ; postface de Madame Claude Guy ; éd. annotée par Jean Touzot.
250 -Strefa wydania [ , ]
    • a
    • Oznaczenie wydania (NP)
    • Nouv. tir.
260 -Strefa adresu wydawniczego [ , ]
    • a
    • Miejsce wydania (P)
    • Paris :
    • b
    • Nazwa wydawcy (P)
    • Bernard Grasset,
    • c
    • Data wydania (P)
    • 1997.
300 -Strefa opisu fizycznego [ , ]
    • a
    • Określenie formy książki i/lub objętość (NP)
    • 519 s., 8 k. fot. ;
    • c
    • Format (NP)
    • 24 cm.
080 -Uniwersalna Klasyfikacja Dziesiętna [ , ]
    • 2
    • Identyfikator wydania tablic
    • UDC-P058
    • 9
    • UKD
    • 8137
    • a
    • Symbol klasyfikacji
    • 929-051A/Z
    • b
    • Dopowiedzenie
    • Pamiętniki, autobiografie indywidualne.
    • 4
    • UKD2
    • 7653
    • x
    • Poddział wspólny
    • =133.1
    • c
    • Dopowiedzenie poddz. wspólnego
    • =Język francuski.
    • 4
    • UKD2
    • 41221
    • x
    • Poddział wspólny
    • "194"
    • c
    • Dopowiedzenie poddz. wspólnego
    • Lata 1940/1949.
980 -Symbol UKD [ , ]
    • a
    • UKD
    • 929-051 Guy C."1946/1949"=133.1
700 -Hasło dodatkowe - nazwa osobowa [1, ]
    • 9
    • KHW
    • 819
    • a
    • Nazwa osobowa (NP)
    • Mauriac, Jean Find
    • b
    • Numeracja (NP)
    • (1924- ).
    • e
    • Określenie rodzaju współpracy
    • Przedm.
700 -Hasło dodatkowe - nazwa osobowa [1, ]
    • 9
    • KHW
    • 10444
    • a
    • Nazwa osobowa (NP)
    • La Gorce, Paul-Marie de. Find
    • e
    • Określenie rodzaju współpracy
    • Oprac.
700 -Hasło dodatkowe - nazwa osobowa [1, ]
    • 9
    • KHW
    • 7728
    • a
    • Nazwa osobowa (NP)
    • Guy, Ursula. Find
    • e
    • Określenie rodzaju współpracy
    • Posł.
700 -Hasło dodatkowe - nazwa osobowa [1, ]
    • 9
    • KHW
    • 9536
    • a
    • Nazwa osobowa (NP)
    • Touzot, Jean Find
    • d
    • Daty biograficzne (NP)
    • (1933- ).
    • e
    • Określenie rodzaju współpracy
    • Wyd.
920 -ISBN [ , ]
    • a
    • ISBN
    • 2-246-49451-6 Find
Sygnatura Lokalizacja Data inwentaryzacji Status udost. Numer inwentarzowy
FR. Historia Francji 31BM2010-02-011A.8583